Film ayant remporté l'Oscar du meilleur Acteur - Statistiques

Statistiques générales
  • Ce quiz a été pris 28 fois
  • Le résultat moyen est 21 sur 99
Statistiques - réponses
Année Acteur Film % Correct
2024 Cillian Murphy Oppenheimer
95%
2026 Michael B. Jordan Sinners
95%
2016 Leonardo DiCaprio The Revenant
89%
2020 Joaquin Phoenix Joker
79%
2019 Rami Malek Bohemian Rhapsody
74%
2012 Jean Dujardin The Artist
74%
2025 Adrien Brody The Brutalist
68%
1976 Jack Nicholson Vol au-dessus d'un Nid de Coucou
63%
1995 Tom Hanks Forrest Gump
58%
2003 Adrien Brody Le Pianiste
58%
2017 Casey Affleck Manchester by the Sea
58%
1989 Dustin Hoffman Rain Man
58%
2021 Anthony Hopkins The Father
58%
2023 Brendan Fraser The Whale
58%
2001 Russell Crowe Gladiator
53%
2022 Will Smith La Méthode Williams
53%
1999 Roberto Benigni La Vie est Belle
47%
1973 Marlon Brando Le Parrain
47%
2008 Daniel Day-Lewis There Will Be Blood
47%
2011 Colin Firth Le Discours d'un roi
42%
2004 Sean Penn Mystic River
42%
2005 Jamie Foxx Ray
42%
2000 Kevin Spacey American Beauty
37%
2014 Matthew McConaughey Dallas Buyers Club
37%
1992 Anthony Hopkins Le Silence des Agneaux
37%
2002 Denzel Washington Training Day
37%
2018 Gary Oldman Les Heures Sombres
32%
1994 Tom Hanks Philadelphia
32%
1981 Robert De Niro Raging Bull
32%
1983 Ben Kingsley Gandhi
26%
2013 Daniel Day-Lewis Lincoln
26%
1988 Michael Douglas Wall Street
26%
2009 Sean Penn Harvey Milk
21%
1980 Dustin Hoffman Kramer contre Kramer
21%
2007 Forest Whitaker Le Dernier Roi d'Écosse
21%
1990 Daniel Day-Lewis My Left Foot
21%
2006 Philip Seymour Hoffman Truman Capote
21%
2015 Eddie Redmayne Une Merveilleuse Histoire du Temps
21%
1985 F. Murray Abraham Amadeus
16%
1960 Charlton Heston Ben-Hur
16%
1972 Gene Hackman French Connection
16%
1987 Paul Newman La Couleur de l'Argent
16%
1993 Al Pacino Le Temps d'un Week-end
16%
1998 Jack Nicholson Pour le Pire et pour le Meilleur
16%
1955 Marlon Brando Sur les quais
16%
1970 John Wayne Cent Dollars pour un Shérif
11%
2010 Jeff Bridges Crazy Heart
11%
1996 Nicolas Cage Leaving Las Vegas
11%
1986 William Hurt Le Baiser de la Femme Araignée
11%
1958 Alec Guinness Le Pont de la Rivière Kwai
11%
1997 Geoffrey Rush Shine
11%
1951 José Ferrer Cyrano de Bergerac
5%
1968 Rod Steiger Dans la Chaleur de la Nuit
5%
1949 Laurence Olivier Hamlet
5%
1962 Maximilian Schell Jugement à Nuremberg
5%
1943 James Cagney La Glorieuse Parade
5%
1982 Henry Fonda La Maison du lac
5%
1945 Bing Crosby La Route Semée d'Étoiles
5%
1964 Sidney Poitier Le Lys des Champs
5%
1991 Jeremy Irons Le Mystère von Bulow
5%
1946 Ray Milland Le Poison
5%
1979 Jon Voight Le Retour
5%
1957 Yul Brynner Le Roi et Moi
5%
1950 Broderick Crawford Les Fous du Roi
5%
1953 Gary Cooper Le Train Sifflera Trois Fois
5%
1952 Humphrey Bogart L'Odyssée de l'African Queen
5%
1956 Ernest Borgnine Marty
5%
1965 Rex Harrison My Fair Lady
5%
1977 Peter Finch Network : Main basse sur la Télévision
5%
1935 Clark Gable New York-Miami
5%
1971 George C. Scott Patton
5%
1954 William Holden Stalag 17
5%
1984 Robert Duvall Tendre Bonheur
5%
1967 Paul Scofield Un Homme pour l'Éternité
5%
1978 Richard Dreyfuss Adieu, je reste
0%
1932 Lionel Barrymore Âmes libres
0%
1940 Robert Donat Au revoir Mr. Chips
0%
1938 Spencer Tracy Capitaines Courageux
0%
1966 Lee Marvin Cat Ballou
0%
1969 Cliff Robertson Charly
0%
1929 Emil Jannings Crépuscule de Gloire / Quand la chair succombe
0%
1939 Spencer Tracy Des Hommes sont nés
0%
1931 George Arliss Disraeli
0%
1933 Fredric March Docteur Jekyll et M. Hyde
0%
1963 Gregory Peck Du Silence et des Ombres
0%
1961 Burt Lancaster Elmer Gantry le Charlatan
0%
1975 Art Carney Harry et Tonto
0%
1941 James Stewart Indiscrétions
0%
1930 Warner Baxter In Old Arizona
0%
1937 Paul Muni La Vie de Louis Pasteur
0%
1934 Charles Laughton La Vie privée d'Henry VIII
0%
1933 Wallace Beery Le Champion
0%
1936 Victor McLaglen Le Mouchard
0%
1947 Fredric March Les Plus Belles Années de notre vie
0%
1948 Ronald Colman Othello
0%
1944 Paul Lukas Quand le Jour Viendra
0%
1974 Jack Lemmon Sauvez le Tigre
0%
1942 Gary Cooper Sergent York
0%
1959 David Niven Tables Séparées
0%
Aucun quiz correspondant
Distribution des résultats
% des personnes avec chaque résultat
Percentile par nombre de réponses
Votre historique - résultats
Vous n’avez pas pris ce quiz